000 00767nam a2200253 a 4500
001 000046639
003 DO-SdBNP
005 20240403111013.0
007 ta
008 240403s2000 000 spa d
040 _aDO-SdBNP
_bspa
_cBNPHU
_erda
082 _bR426L
_222
110 1 _aRepública Dominicana
_9447
240 1 0 _a[Leyes, etc.]
245 1 0 _aLey No. 91 :
_bque instituye el colegio de abogado de la República del 16 de febrero de 1983 G.O. No. 9606
264 _aSanto Domingo :
_beditora no identificada,
_c2000
300 _a12 paginas. ;
_c21 cm.
336 _2rdacontent
_atexto
_btxt
337 _2rdamedia
_asin mediación
_bn
338 _2rdacarrier
_avolumen
_bnc
590 _aInventariado, 2024/DG
910 _aDG
942 _2ddc
_cLBS1
999 _c56230
_d56230